SE VUOI, RIVISTA DI ORIENTAMENTO. N. I. ANNO XXIII. GENNAIO FEBBRAIO 1982. (Record n. 320996)
[ formato base ]
| 000 -LEADER | |
|---|---|
| fixed length control field | 01748nas a2200277Ia 4500 |
| 001 - CONTROL NUMBER | |
| control field | R240-R2897 |
| 003 - CONTROL NUMBER IDENTIFIER | |
| control field | IT-CnALBA |
| 008 - FIXED-LENGTH DATA ELEMENTS--GENERAL INFORMATION | |
| fixed length control field | 170116c99999999xx |||||||||||| ||und|| |
| 040 ## - CATALOGING SOURCE | |
| Original cataloging agency | IT-CnALBA |
| Transcribing agency | IT-CnALBA |
| 041 ## - LANGUAGE CODE | |
| Language code of text/sound track or separate title | ITALIANO |
| 999 ## - SYSTEM CONTROL NUMBERS (KOHA) | |
| Koha Dewey Subclass [OBSOLETE] | NO |
| 100 ## - MAIN ENTRY--PERSONAL NAME | |
| Personal name | ABLONDI ALBERTO, VESCOVO DI LIVORNO |
| 210 ## - ABBREVIATED TITLE | |
| Abbreviated title | SE VUOI |
| 222 ## - KEY TITLE | |
| Key title | SE VUOI |
| 245 #0 - TITLE STATEMENT | |
| Title | SE VUOI, RIVISTA DI ORIENTAMENTO. N. I. ANNO XXIII. GENNAIO FEBBRAIO 1982. |
| 250 ## - EDITION STATEMENT | |
| Edition statement | 1a ed. |
| 260 ## - PUBLICATION, DISTRIBUTION, ETC. (IMPRINT) | |
| Place of publication, distribution, etc. | CINISELLO BALSAMO (MI) |
| Name of publisher, distributor, etc. | EDIZIONI PAOLINE |
| Date of publication, distribution, etc. | 1982 |
| 300 ## - PHYSICAL DESCRIPTION | |
| Extent | 66 p. |
| 310 ## - CURRENT PUBLICATION FREQUENCY | |
| Current publication frequency | BIMESTRALE |
| 362 ## - DATES OF PUBLICATION AND/OR SEQUENTIAL DESIGNATION | |
| Dates of publication and/or sequential designation | Fascicolo: 1 / Anno: 23 (1982) |
| 500 ## - GENERAL NOTE | |
| General note | INDICE ANNATA 1981. MONGILLO D. CAGNASSO F. BONINO G. FABBRETTI N. HANDICAPPATO INUTILE. ATTESA E INCONTRO FASI DELLA CHIAMATA. FAMIGLIA VOCABOLARIO DELLE VOCAZIONI. TESTIMONIANZA DALLE MISSIONI. SALITA' INSIEME POESIE. VITA INTERIORE. FRATE OPERAIO FRANCESCO. RICERCA, FOTOLINGUAGGIO. RELIGIOSI PIME, PONTIFICIO ISTITUTO MISSIONI ESTERE. CELLULA DI CHIESA, TESTIMONIANZA. MOVIMENTO PAX CHRISTI. PAROLA AI LETTORI, AZIONE E PREGHIERA, NASCITA DI Una comunità'' VERA. |
| 501 ## - WITH NOTE | |
| With note | Società San Paolo EM - Piazza San Paolo, 14 - 12051 ALBA (CN) (non commercial uses only) ® Copyright 2017 |
| 520 ## - SUMMARY, ETC. | |
| Summary, etc. | INDICE ANNATA 1981. MONGILLO D. CAGNASSO F. BONINO G. FABBRETTI N. HANDICAPPATO INUTILE. ATTESA E INCONTRO FASI DELLA CHIAMATA. FAMIGLIA VOCABOLARIO DELLE VOCAZIONI. TESTIMONIANZA DALLE MISSIONI. SALITA' INSIEME POESIE. VITA INTERIORE. FRATE OPERAIO FRANCESCO. RICERCA, FOTOLINGUAGGIO. RELIGIOSI PIME, PONTIFICIO ISTITUTO MISSIONI ESTERE. CELLULA DI CHIESA, TESTIMONIANZA. MOVIMENTO PAX CHRISTI. PAROLA AI LETTORI, AZIONE E PREGHIERA, NASCITA DI Una comunità'' VERA. |
| 650 ## - SUBJECT ADDED ENTRY--TOPICAL TERM | |
| Topical term or geographic name as entry element | VOCAZIONE |
| 942 ## - ADDED ENTRY ELEMENTS (KOHA) | |
| Koha item type | RIVISTA |
| 957 ## - | |
| -- | 1 |
| 999 ## - SYSTEM CONTROL NUMBERS (KOHA) | |
| -- | 1 |
| Withdrawn status | Lost status | Damaged status | Not for loan | Home library | Current library | Date acquired | Total Checkouts | Full call number | Date last seen | Price effective from | Koha item type | Public note |
|---|---|---|---|---|---|---|---|---|---|---|---|---|
| Buone Condizioni | Not For Loan | ALBA - Biblioteca | ALBA - Biblioteca | 16/01/2017 | R240-R2897 | 16/01/2017 | 16/01/2017 | RIVISTA | (data import: 16 gennaio 2017) - By Epidotti, Vaglietti. |